000 00444nam a2200169Ia 4500
008 090123s9999 xx 000 0 und d
082 _b6482
_a891.463/देसाई
100 _aदेसाई रणजित
245 _aबारी
250 _a1
300 _a200
600 _aदेसाई रणजित
630 _aबारी
700 _aदेसाई रणजित
730 _aबारी
942 _cBOOK
999 _c44547
_d44547